00461nam a22001577a 450000500170000001000150001702000260003203500130005803700130007108200060008410000150009024500510010526000450015627000810020130000210028220220309121722.0 aENG-109825 a9789350096703c350.00 aEN-93357 bDBAD/PUB aN aTabrik, C.00aPrisoner jailor prime minister /cby Tabrik C. aGurgaonbHachette Book Publishing c2014 a4th and 5th Floors, Corporate Centre Plot No. 94, Sector 44bGurgaone122003 a319p.c21cm(pbk)